Statistics for Real Madrid starting Xl

Click here to take the quiz!

General Stats

  • This quiz has been taken 295 times
  • The average score is 9 of 11

Answer Stats

HintAnswer% Correct
PortugalCristiano Ronaldo
90%
WalesGareth Bale
88%
FranceKarim Benzema
88%
CroatiaLuka Modric
88%
SpainSergio Ramos
88%
ColombiaJames Rodriguez
87%
PortugalPepe
87%
BrazilMarcelo
86%
GermanyToni Kroos
86%
SpainIker Casillas
82%
SpainDaniel Carvajal
51%

Score Distribution

Percentile by Number Answered

Percent of People with Each Score

Your Score History

You have not taken this quiz